[Event "MotKnights-Dragons"]
[Site "?"]
[Date "2000.05.20"]
[Round "3"]
[White "Cygan, J"]
[Black "Blackmon, E"]
[Result "1-0"]
[WhiteElo "1640"]
[BlackElo "1786"]
[PlyCount "66"]
[EventDate "2000.??.??"]

1. e4 c5 2. Nf3 Nc6 3. d4 cxd4 4. Nxd4 Nf6 5. Nc3 e5 6. Ndb5 d6 7. Bg5 a6 8.
Na3 Be7 9. Bxf6 Bxf6 10. Nd5 b5 11. c3 O-O 12. Nc2 Be6 13. Nce3 Bg5 14. Be2
14... Ne7 { } 15. Nxe7+ Bxe7 16. O-O Bg5 17. Nd5 Rc8 18. Re1 f5 19. exf5 Bxf5
20. Bg4 Rc4 21. Bxf5 Rxf5 22. Qd3 Qf8 23. Re4 Rxe4 24. Qxe4 24... Rxf2 { } 25.
Nc7 Kh8 26. Ne6 { } 26... Rf4 27. Nxf4 Bxf4 28. g3 Bg5 29. Rf1 Qd8 30. Qc6 d5
31. Qc7 Be3+ 32. Kg2 32... Qe8 { } 33. Qxe5 Qa8 1-0

[Event "BankAm-CCDOC"]
[Site "?"]
[Date "2000.05.20"]
[Round "3"]
[White "Alexander, B"]
[Black "Jasaitis, A"]
[Result "0-1"]
[WhiteElo "1646"]
[BlackElo "2133"]
[PlyCount "54"]
[EventDate "2000.??.??"]

1. d4 f5 2. c4 Nf6 3. Nf3 e6 4. a3 d5 5. cxd5 exd5 6. Nc3 Bd6 7. Bg5 c6 8. Qd2
Nbd7 9. Bf4 Qe7 10. Bxd6 10... Qxd6 { } 11. Qg5 O-O 12. Qxf5 Ne4 13. Nxe4 dxe4
14. Qxe4 Nf6 15. Qd3 Bg4 16. Ne5 16... Rae8 { } 17. e3 c5 18. Qc4+ Kh8 19. Nf7+
Rxf7 20. Qxf7 cxd4 21. Bb5 { } 21... Rf8 22. Qxb7 dxe3 23. fxe3 Rb8 24. Qc6
24... Qe5 { } 25. a4 Qxe3+ 26. Kf1 Ne4 27. g3 Qf2# 0-1

[Event "BankAm-CCDOC"]
[Site "?"]
[Date "2000.05.20"]
[Round "3"]
[White "Friesema, B"]
[Black "Seaton, E"]
[Result "1-0"]
[WhiteElo "2054"]
[BlackElo "1651"]
[PlyCount "75"]
[EventDate "2000.??.??"]

1. e4 b6 2. d4 Bb7 3. Bd3 3... Nf6 { } 4. Nf3 Nxe4 5. O-O e6 6. Re1 d5 7. Nbd2
f5 8. Ne5 g6 9. Qe2 Bd6 10. Ndf3 { } 10... a6 11. h4 Nc6 12. Nxc6 Bxc6 13. Ng5
h6 14. f3 Nxg5 15. hxg5 { } 15... Bd7 16. f4 hxg5 17. fxg5 17... Bg3 { } 18.
Bd2 Bh2+ 19. Kf2 f4 20. Bxg6+ Kf8 21. Qe5 Bg3+ 22. Kf3 { } 22... Rh4 23. Rh1
Bh2 24. Rxh2 Rxh2 25. Qxf4+ Ke7 26. Qxh2 { } 26... c5 27. Bf4 Be8 28. Qh7+ Kf8
29. Be5 Bxg6 30. Qg7+ 30... Ke8 { } 31. Qxg6+ Kd7 32. Rh1 Kc6 33. Qxe6+ Kb5 34.
Bf6 Qc7 35. g6 { } 35... Rf8 36. Rh7 Qb8 37. Rf7 Rxf7 38. gxf7 1-0

[Event "LBurn-BankAm"]
[Site "?"]
[Date "2000.??.??"]
[Round "?"]
[White "Eamon, R"]
[Black "Kras, T"]
[Result "1/2-1/2"]
[WhiteElo "1759"]
[BlackElo "2207"]
[PlyCount "109"]
[EventDate "2000.??.??"]

1. e4 c5 2. Nf3 e6 3. Nc3 a6 4. d4 cxd4 5. Nxd4 Qc7 6. Be2 Nf6 7. f3 Nc6 8. Be3
8... Bb4 { } 9. a3 Bxc3+ 10. bxc3 Ne5 11. Qd2 d6 12. Bf4 {  Bd7 with idea Rc8
reminds White of his Pawn weaknesses on c-file. Contrarily, if White plays
Bxe5, Blacks double Ps are actually a bonus, jamming the center squares!} 12...
O-O 13. O-O Nfd7 14. Kh1 Nb6 15. Bxe5 15... dxe5 { } 16. Nb3 16... Rd8 {
giving White time to arrange counterplay on the b-file} 17. Qe3 17... Bd7 { }
18. Rfb1 Na4 (18... Rac8 19. Nd2 Na4 20. c4) 19. c4 19... b5 {
hoping to anchor Knight at c3 (after cb, ab)} 20. Nd2 Rab8 21. cxb5 Bxb5 22. c4
Be8 23. Rxb8 {Giving up the best file?} 23... Rxb8 24. h3 { } 24... Qc5 $2 {
Apparently assuming White's Queenside can be invaded in ending, but he can
keep the pressure onnow!} (24... Rb2 25. Rb1 Qb7 26. Rxb2 26... Qxb2 { } 27. c5
Qc1+ 28. Kh2 Nxc5) 25. Qxc5 Nxc5 26. Rb1 Rxb1+ 27. Nxb1 Ba4 28. Nc3 28... Bb3 {
White is defensive, but where can Black break through?} 29. Kg1 Kf8 30. Kf2 Ke7
31. Ke3 Kd6 32. Kd2 Nb7 33. Nd1 Kc5 34. Kc3 Bxd1 35. Bxd1 Nd6 36. Be2 f5 37.
Bd3 { } 37... f4 38. Be2 g5 39. Bd3 h5 40. Be2 { Black still hasn't broken
through and now tries to get a situation where he can attack Pc4 with Knight
and White's Bishop can't defend.} 40... Nb7 41. Bd1 Nd8 42. Ba4 Nb7 43. Bd7 $1
{ Very good, White stays as active as possible.} 43... Nd8 44. a4 Kd6 45. Be8 {
} 45... a5 46. Bxh5 Nb7 47. Be8 Nc5 48. Kd2 Ke7 49. Bb5 Kf7 50. Ke2 Kg6 51. Kf2
Nd3+ 52. Kg1 Kh5 53. Kh2 Kh4 54. Be8 Nc5 55. Bb5 {
A nice draw by a 450-point underdog!!} 1/2-1/2

[Event "BankAm-LBurn"]
[Site "?"]
[Date "2000.??.??"]
[Round "?"]
[White "Bargerstock, D"]
[Black "Duffy, J"]
[Result "1-0"]
[WhiteElo "1815"]
[BlackElo "1659"]
[PlyCount "111"]
[EventDate "2000.??.??"]

1. d4 d5 2. Nf3 Nf6 3. e3 e6 4. Bd3 Be7 5. Nbd2 O-O 6. e4 dxe4 7. Nxe4 Nxe4 8.
Bxe4 c5 9. O-O Nd7 10. c3 Nf6 11. Bd3 Qc7 12. Qe2 Re8 13. Bg5 { } 13... Nd5 14.
Qe4 g6 15. Qh4 cxd4 16. Bxe7 Qxe7 17. Qxd4 Qf6 18. Qxf6 Nxf6 19. Rad1 Bd7 20.
Bc2 Bb5 21. Rfe1 Red8 22. Nd4 Be8 23. Re3 Rd6 24. Red3 24... Rad8 { } 25. Nxe6
Rxd3 26. Nxd8 Rxd1+ 27. Bxd1 b6 28. Bf3 Kf8 29. Nc6 Bxc6 30. Bxc6 Ke7 31. Kf1
Kd6 32. Bf3 Nd7 33. Ke2 a5 34. b4 axb4 35. cxb4 Ne5 36. a4 Nc4 37. Be4 f6 38.
Bc2 Ne5 39. a5 bxa5 40. bxa5 Kc6 41. Bd3 Kc5 42. h3 Nc6 43. a6 Kb6 44. Ke3 Kc5
45. Kf4 Kd6 46. h4 Ke6 47. Be4 Na7 48. g4 Nb5 49. Bd3 Na7 50. Bc4+ Ke7 51. Ke4
{ } 51... h6 52. Kd5 Kd7 53. Bd3 g5 54. hxg5 hxg5 55. Bf5+ { } 55... Kc7 56.
Ke6 1-0

[Event "LBurn-BankAm"]
[Site "?"]
[Date "2000.??.??"]
[Round "?"]
[White "Bannon, B"]
[Black "Zoellner, J"]
[Result "1-0"]
[WhiteElo "1234"]
[BlackElo "1464"]
[PlyCount "112"]
[EventDate "2000.??.??"]

1. e4 d6 2. Nf3 Nf6 3. Nc3 a6 4. a4 g6 5. Bc4 Bg7 6. d3 Bg4 7. Bg5 7... c5 { }
8. Bxf6 Bxf6 9. O-O Nc6 10. Nd5 Bxb2 11. Rb1 Bg7 12. Rxb7 O-O 13. Rb6 { } 13...
e6 14. Rxc6 exd5 15. exd5 a5 16. d4 cxd4 17. Be2 Bxf3 18. Bxf3 Rb8 19. Qd2 Rb4
20. Ra1 { } 20... d3 21. c3 Rb3 22. Qxd3 Be5 23. Qc2 Rb8 24. Rb1 Qe7 25. Rcb6
Rfe8 26. g3 Bg7 27. Kf1 Qc7 28. Rc6 Qd7 29. Kg2 { } 29... Qa7 30. Rxd6 Qc5 31.
Rc6 Qa7 32. Rd1 Rbd8 33. h3 Rd7 34. d6 Be5 35. Re1 Qb8 36. Qd1 36... Kh8 { }
37. Rxe5 Rxe5 38. Qd4 f6 39. Qc4 39... Kg7 { } 40. Rc7 Qd8 41. Rxd7+ Qxd7 42.
Qc7 Qxc7 43. dxc7 Rc5 44. c8=Q 44... Rxc8 { } 45. Be2 Rxc3 46. Bb5 Kh6 47. Kf1
Kg5 48. Ke1 Rc1+ 49. Kd2 Rh1 50. h4+ Kf5 51. Be2 Ke5 52. f4+ 52... Kd4 { } 53.
Bb5 Rg1 54. Bd7 Rxg3 55. Ke2 h6 56. Bc6 Rg4 1-0

[Event "BankAm-LBurn"]
[Site "?"]
[Date "2000.??.??"]
[Round "?"]
[White "Sitar, K"]
[Black "Dominguez, R"]
[Result "1-0"]
[WhiteElo "1541"]
[BlackElo "1313"]
[PlyCount "63"]
[EventDate "2000.??.??"]

1. c4 d6 2. d4 Nf6 3. Nc3 Be6 4. e4 c6 5. Nf3 h6 6. Bd3 g5 7. d5 Bg4 8. O-O
8... Bg7 { } 9. Be2 O-O 10. Qc2 Qb6 11. b3 Nbd7 12. Bb2 e6 13. Rad1 { } 13...
a6 14. dxe6 fxe6 15. Rxd6 Qc7 16. Rfd1 Rfc8 17. R6d3 e5 18. Ba3 Bf8 19. Bxf8
19... Rxf8 { } 20. h4 Nc5 21. Re3 b5 22. hxg5 hxg5 23. Nxg5 Bxe2 24. Qxe2 Qg7
25. Rg3 { } 25... Rae8 26. Nh3 Re7 27. Rxg7+ Rxg7 28. Rd6 Rg4 29. f3 Rh4 30.
Rxc6 { } 30... Ncd7 31. cxb5 axb5 32. Nxb5 1-0

[Event "Aces-BankAm"]
[Site "?"]
[Date "2000.03.23"]
[Round "?"]
[White "Reyes, R"]
[Black "Kras, T"]
[Result "1-0"]
[WhiteElo "2350"]
[BlackElo "2207"]
[PlyCount "79"]
[EventDate "2000.??.??"]

1. e4 c5 2. Nf3 e6 3. d4 cxd4 4. Nxd4 a6 5. Nc3 Qc7 6. Be2 Nf6 7. O-O Bb4 8.
Bd3 d6 9. Bd2 Nc6 10. Nb3 d5 11. exd5 exd5 12. Bg5 Be6 13. h3 Be7 14. Qd2 h6
15. Be3 Ne5 16. Nd4 Nc4 17. Nxe6 fxe6 18. Bg6+ Kd7 19. Qe2 Nxe3 20. Qxe3 Bc5
21. Qe2 Rhf8 22. Rfe1 Qc6 23. Rad1 Rad8 24. Kh1 Kc7 25. f3 Rd6 26. a3 Bxa3 27.
Nxd5+ Nxd5 28. bxa3 Rfd8 29. Qe5 Kc8 30. Be4 Qd7 31. Qb2 Qc7 32. c4 Ne3 33. Rb1
Nxc4 34. Bxb7+ Kb8 35. Qf2 Nxa3 36. Rb3 Nb5 37. Bxa6 Rxa6 38. Rxb5+ Kc8 39. Qb2
Ra8 40. Rc1 1-0

[Event "BankAm-Aces"]
[Site "?"]
[Date "2000.03.23"]
[Round "?"]
[White "Jasaitis, A"]
[Black "Czerniecki, A"]
[Result "1-0"]
[WhiteElo "2133"]
[BlackElo "1969"]
[PlyCount "67"]
[EventDate "2000.??.??"]

1. e4 d6 2. d4 g6 3. Nc3 Bg7 4. f4 Nf6 5. Nf3 O-O 6. Bd3 6... Nbd7 { } 7. e5
Ne8 8. Ne4 d5 9. Neg5 {Threatening Nxf7 followed by e6.} 9... e6 { } 10. Nxh7
$3 {A brilliant sacrifice based off the cramped nature of Black's position.}
10... Kxh7 11. Ng5+ 11... Kg8 { Black can't protect h7 and so White only needs
to get his Queen to that square for mate.} 12. Qg4 Bh6 13. h4 {
Now Bxg5 allows hg, opening the Rook attack onto h7 and beyond.} 13... Ng7 { }
14. Nxf7 $1 {Finishing the destruction of Black's Pawn shield and winning a
piece back since the Bishop at h6 is trapped after Qxg6.} 14... Rxf7 15. Qxg6
Nf8 16. Qxh6 16... Nf5 {
Now the Rook lift Rh3 is in the air threatening Rg3+ and mating.} 17. Bxf5 Rxf5
18. Rh3 c5 19. Rg3+ Kf7 20. Rg7+ 20... Ke8 {  White has forced this position,
and would like to finish Black off with Qg6+ or Qh5+, but these squares are
protected!} 21. g4 {Forcing off Rook's protection of h5} 21... Rf7 22. Qh5
22... Qe7 { Black has defended his King, but has tied up all his pieces! White
now brings his remaining forces into the game. At worst, White can win using
his Kingside Pawns.} 23. Be3 c4 24. O-O-O Bd7 25. Rf1 { Now the threat is f5
with the idea of f6 which forces Queen away from protecting the pinned Rook!}
25... Rc8 26. f5 26... c3 { Trying to expose White's King.} 27. bxc3 Rxc3 28.
Bg5 { mission accomplished: the Rook at f7 is lost} 28... Rxc2+ 29. Kd1 (29.
Kxc2 29... Ba4+ {and any reply allows Black perpetual checks with Queen}) 29...
Rc1+ 30. Bxc1 Ba4+ 31. Ke1 { } 31... exf5 32. Rxf5 32... Qb4+ { } 33. Bd2 Qb1+
34. Kf2 {A beautiful attack that never resulted in mate, but, instead, showed
the balance of material vs pressure!} 1-0

[Event "BankAm-Aces"]
[Site "?"]
[Date "2000.03.23"]
[Round "?"]
[White "Fraats, D"]
[Black "Franek, M"]
[Result "1-0"]
[WhiteElo "1842"]
[BlackElo "1767"]
[PlyCount "49"]
[EventDate "2000.??.??"]

1. e4 e5 2. f4 exf4 3. Bc4 Qh4+ 4. Kf1 Nh6 5. Nf3 Qe7 6. Nc3 c6 7. d4 g5 8. h4
g4 9. Ne5 d6 10. Nd3 b5 11. Bb3 b4 12. Nxb4 d5 13. Nbxd5 cxd5 14. Nxd5 Qd8 15.
Bxf4 Na6 16. Ba4+ Bd7 17. Bg5 Qa5 18. Nf6+ Kd8 19. Nxd7+ Be7 20. Bxe7+ Kxe7 21.
c4 Rad8 22. Ne5 Qc7 23. Nc6+ Kf8 24. Nxd8 Qf4+ 25. Ke1 1-0

[Event "BankAm-Aces"]
[Site "?"]
[Date "2000.03.23"]
[Round "?"]
[White "Paraoan, L"]
[Black "Frank, M"]
[Result "0-1"]
[WhiteElo "1677"]
[BlackElo "1812"]
[PlyCount "142"]
[EventDate "2000.??.??"]

1. e4 e6 2. d4 d5 3. Nd2 c5 4. Bb5+ Nc6 5. Ngf3 Nf6 6. Bxc6+ bxc6 7. e5 Nd7 8.
Nb3 cxd4 9. Nbxd4 c5 10. Ne2 Be7 11. O-O Qc7 12. Bf4 O-O 13. Ng3 Bb7 14. Re1
Rfd8 15. c3 Nf8 16. Nf1 Ng6 17. Bg3 Rd7 18. Qa4 Rad8 19. Qg4 Qc6 20. Qh5 d4 21.
c4 a5 22. N1d2 Rb8 23. b3 Ba8 24. Qh3 Ra7 25. Ne4 a4 26. Ned2 Rb6 27. Qg4 axb3
28. axb3 Rba6 29. Rxa6 Rxa6 30. h4 Ra2 31. h5 Rxd2 32. hxg6 hxg6 33. Rb1 Re2
34. Bf4 Qe4 35. Ra1 d3 36. Nd2 Rxd2 37. Rxa8+ Qxa8 38. Bxd2 Qa1+ 39. Kh2 Qxe5+
40. Qf4 Qxf4+ 41. Bxf4 e5 42. Bd2 f5 43. g3 Kf7 44. Kg2 e4 45. f3 Ke6 46. fxe4
fxe4 47. Kf2 Kf5 48. Be3 Ke5 49. g4 g5 50. Ke1 Kd6 51. Kd1 Bf6 52. Kd2 Kc6 53.
Kd1 Be7 54. Kc1 Kd6 55. Kd1 Ke5 56. Kd2 Kd6 57. Kd1 Bd8 58. Kc1 Bf6 59. Kd2 Kc6
60. Kc1 Bd4 61. Bxg5 e3 62. Kd1 Kd6 63. Bf4+ Ke6 64. Bg3 Kf6 65. Bf4 e2+ 66.
Ke1 Bc3+ 67. Bd2 Bxd2+ 68. Kxd2 Ke5 69. g5 g6 70. Ke1 Ke4 71. Kd2 Kd4 0-1

[Event "CTA-BankAm"]
[Site "?"]
[Date "2000.??.??"]
[Round "?"]
[White "Wilson, A"]
[Black "Kras, T"]
[Result "0-1"]
[WhiteElo "1654"]
[BlackElo "2207"]
[PlyCount "99"]
[EventDate "2000.??.??"]

1. e4 c5 2. Nf3 e6 3. Nc3 a6 4. d4 cxd4 5. Nxd4 Qc7 6. Bd3 Nf6 7. O-O Bc5 8.
Be3 b5 9. Ndxb5 axb5 10. Nxb5 Qe5 11. Bxc5 Qxc5 12. b4 Qb6 13. e5 Nc6 14. exf6
gxf6 15. Nd6+ Ke7 16. Be4 Qxb4 17. Bxc6 dxc6 18. Nxc8+ Rhxc8 19. Rb1 Qa5 20.
Rb7+ Rc7 21. Qb1 Rd8 22. c4 f5 23. Rb8 Rd2 24. Rd1 Rxd1+ 25. Qxd1 Rd7 26. Qb1
Qc3 27. g3 Qxc4 28. Rb4 Qe2 29. Rb7 Qa6 30. Qb4+ Ke8 31. Rb8+ Rd8 32. Rxd8+
Kxd8 33. Qf8+ Kc7 34. Qxf7+ Kd6 35. a3 c5 36. Qxh7 c4 37. Qh4 Kc5 38. Qe7+ Kd4
39. Qb4 Kd3 40. Kf1 c3 41. Qb1+ c2 42. Qc1 Kc3+ 43. Kg1 Qb6 44. Qe1+ Kb2 45.
Qe5+ Kb1 46. Kg2 Qc6+ 47. Kh3 c1=Q 48. Qf6 Qf3 49. Qg6 Qcc6 50. Kh4 0-1

[Event "BankAm-CTA"]
[Site "?"]
[Date "2000.??.??"]
[Round "?"]
[White "Losoff, A"]
[Black "Abraham, T"]
[Result "1-0"]
[WhiteElo "1860"]
[BlackElo "1638"]
[PlyCount "75"]
[EventDate "2000.??.??"]

1. e4 d6 2. d4 Nf6 3. Nc3 g6 4. f4 Bg7 5. Nf3 {
The same position as Jasaitis-Czerniecki, there Black played 0-0 and Nbd7.}
5... Bg4 6. Bc4 O-O 7. O-O { } 7... Nxe4 8. Bxf7+ (8. Nxe4 d5) 8... Rxf7 9.
Nxe4 { Black isn't cramped as in the previous game, but the weakness of g5 is
still to his disadvantage.} 9... Nd7 10. c3 10... h6 {
trying to cover g5, but g6 now weak!} 11. Qd3 Bf5 12. Nh4 Qf8 13. Nxf5 13...
gxf5 { } 14. Ng3 d5 15. Bd2 (15. Nh5 {
keeps Rook off f6 and opens themes down g-file}) 15... a6 16. Rae1 (16. Nh5)
16... Rf6 17. Rf3 Qf7 18. Rfe3 Re8 19. Qe2 e6 20. Kh1 (20. c4 c6 (20... dxc4
21. d5 $1) 21. c5 {Activating Bishop with Ba5-c7}) 20... Rg6 21. h3 {
a serious weakening. Black has Bf6-h4, then Qg7} 21... Kh7 (21... Bf6 22. Nxf5
Bd8 23. Ng3 23... Bh4 {
With weaknesses at f4 and g3, Black gets good play for the Pawn}) 22. Kh2 22...
Qg8 { } 23. Nxf5 $1 23... Nf6 24. Nh4 {trapping Rook at g6} 24... Ne4 25. Nxg6
25... Kxg6 { } 26. Rxe4 $1 {Opens position and nets a couple more Pawns} 26...
dxe4 27. Qxe4+ Kf7 28. Qxb7 Re7 29. Qxa6 Bf6 30. f5 {  Trading some more!}
30... Bh4 $2 31. fxe6+ Kf6 32. Qf1+ 32... Kg6 { } 33. Re4 (33. Re5 Bf6 34. Qf5+
34... Kg7 { } 35. Bxh6+ $1 {is pretty convincing}) 33... Bg5 34. Bxg5 (34. Rg4
{with idea h4 fails to Qxe6}) 34... hxg5 35. Re5 {Oh, now he finds it!} 35...
Rxe6 $2 36. Qf5+ Kh5 37. g4+ Kh6 (37... Kh4 38. Qf2#) 38. Rxe6+ 1-0

[Event "CTA-BankAm"]
[Site "?"]
[Date "2000.??.??"]
[Round "?"]
[White "Villarreal"]
[Black "Sitar, K"]
[Result "0-1"]
[WhiteElo "1145"]
[BlackElo "1541"]
[PlyCount "70"]
[EventDate "2000.??.??"]

1. d4 c5 2. dxc5 Nf6 3. Nf3 Nc6 4. Nc3 e5 5. b3 Bxc5 6. e3 O-O 7. Bb2 d5 8. Be2
e4 9. Nd2 Be6 10. O-O a6 11. a3 Qc7 12. b4 Bd6 13. g3 Qd7 14. f3 exf3 15. Bxf3
Ne5 16. Bg2 Bh3 17. Ne2 Bxg2 18. Kxg2 Neg4 19. Rf3 Rfe8 20. Nf1 Ne4 21. Qxd5
Re7 22. Nf4 Ne5 23. Bxe5 Rxe5 24. Qd4 Ng5 25. Rd1 Qc6 26. Qxd6 Qxf3+ 27. Kg1
Rae8 28. Qd2 h6 29. Qd4 Qc6 30. Nd2 Rxe3 31. h4 Rxg3+ 32. Kh2 Nf3+ 33. Nxf3
Qxf3 34. Rg1 Re2+ 35. Nxe2 Rh3# 0-1

[Event "CTA-BankAm"]
[Site "?"]
[Date "2000.??.??"]
[Round "?"]
[White "Van Outrive, R"]
[Black "Sitar, K"]
[Result "0-1"]
[WhiteElo "1069"]
[BlackElo "1541"]
[PlyCount "72"]
[EventDate "2000.??.??"]

1. e4 d5 2. d4 dxe4 3. f3 exf3 4. Nxf3 Nf6 5. Bc4 c6 6. Bg5 e6 7. Nc3 Be7 8.
Qd2 a5 9. O-O-O b5 10. Bxb5 cxb5 11. Nxb5 Qb6 12. Qe2 O-O 13. a4 Bb7 14. Qe3
Ng4 15. Qd2 Nd7 16. Bxe7 Rfc8 17. Rhf1 Be4 18. Ne1 Qc6 19. Nc3 Bg6 20. d5 exd5
21. Qxd5 Qxd5 22. Rxd5 Ne3 23. Rxd7 Nxf1 24. Rd1 Nxh2 25. Nd3 Ng4 26. Kd2 Ra7
27. Nb5 Rxe7 28. Kc1 Re2 29. Nc3 Rxg2 30. Kb1 Ne5 31. Ka2 { } 31... Nxd3 32.
cxd3 Rxc3 33. d4 f6 34. d5 Bf7 35. Ka1 Rcc2 36. Rb1 Rgd2 0-1

[Event "BankAm-CTA"]
[Site "?"]
[Date "2000.??.??"]
[Round "?"]
[White "Zoellner, J"]
[Black "Nowak, W"]
[Result "1-0"]
[WhiteElo "1464"]
[BlackElo "1307"]
[PlyCount "103"]
[EventDate "2000.??.??"]

1. e4 e5 2. Nf3 Nc6 3. Bc4 Nf6 4. d3 d5 5. exd5 Nxd5 6. O-O Bf5 7. Re1 f6 8. a3
Qd7 9. b4 Bg4 10. Nbd2 O-O-O 11. Bb2 Re8 12. Bb3 a6 13. c4 Nf4 14. Bc2 Bh3 15.
g3 Qg4 16. Nh4 Qxd1 17. Raxd1 Bg4 18. f3 Nh3+ 19. Kg2 g5 20. fxg4 Nf4+ 21. gxf4
gxh4 22. f5 Bg7 23. Nf3 h3+ 24. Kxh3 Bh6 25. b5 axb5 26. cxb5 Ne7 27. d4 Nd5
28. dxe5 Nf4+ 29. Kg3 Rd8 30. Rxd8+ Rxd8 31. exf6 Nd3 32. Bxd3 Rxd3 33. f7 b6
34. Re8+ Kb7 35. f8=Q Bxf8 36. Rxf8 Rb3 37. Be5 Rxb5 38. Rf7 Rc5 39. Rxh7 b5
40. f6 Rd5 41. f7 Rd8 42. Bxc7 Rf8 43. Bd6 Rxf7 44. Rxf7+ Kc6 45. Bb4 Kd5 46.
g5 Ke6 47. Rf4 Kd7 48. g6 Kc6 49. g7 Kd5 50. g8=Q+ Kc6 51. Rf6+ Kd7 52. Qg7+
1-0

[Event "Rooks-Tyros"]
[Site "?"]
[Date "1999.10.19"]
[Round "?"]
[White "Benedek, R"]
[Black "Tamez, I"]
[Result "1/2-1/2"]
[WhiteElo "2173"]
[BlackElo "2153"]
[PlyCount "107"]
[EventDate "1999.??.??"]

1. c4 e6 2. Nf3 d5 3. d4 Nf6 4. Nc3 Be7 5. e3 O-O 6. Bd3 b6 7. b3 Bb7 8. O-O
Nbd7 9. Bb2 c5 10. Qe2 Rc8 11. cxd5 Nxd5 12. Nxd5 Bxd5 13. e4 Bb7 14. Rad1 Qc7
15. Bb1 Rfd8 16. d5 exd5 17. exd5 Bf6 18. d6 Qc6 19. Qd3 g6 20. Bxf6 Nxf6 21.
Rfe1 Re8 22. Re7 Red8 23. Rc7 Qxc7 24. dxc7 Rxd3 25. Bxd3 Kf8 26. Bc4 Rxc7 27.
Rd8+ Kg7 28. Ne5 Re7 29. f4 Nh5 30. g3 Nf6 31. a4 Be4 32. a5 bxa5 33. Rc8 Bd5
34. Bxd5 Nxd5 35. Rxc5 Nb4 36. Rxa5 Rb7 37. Kf1 f6 38. Nc4 Nc6 39. Ra6 Nd4 40.
Nd6 Rd7 41. Ne8+ Kh6 42. Nxf6 Rb7 43. b4 Nc2 44. Nd5 Nxb4 45. Nxb4 Rxb4 46.
Rxa7 Rb2 47. Kg1 Rc2 48. h3 Rc5 49. Kg2 g5 50. Ra6+ Kg7 51. Kf3 gxf4 52. gxf4
Rc3+ 53. Kg4 h5+ 54. Kxh5 1/2-1/2

[Event "Rooks-Tyros"]
[Site "?"]
[Date "1999.10.19"]
[Round "?"]
[White "Green, D"]
[Black "Buchner, B"]
[Result "0-1"]
[WhiteElo "1877"]
[BlackElo "1943"]
[PlyCount "110"]
[EventDate "1999.??.??"]

1. e4 c5 2. d4 cxd4 3. Nf3 d6 4. Bc4 Nf6 5. Qd3 Nc6 6. O-O e6 7. Nxd4 Ne5 8.
Bb5+ Bd7 9. Qe2 a6 10. Bxd7+ Nexd7 11. Nc3 Be7 12. Be3 Nc5 13. f3 Qc7 14. Rad1
O-O 15. Qf2 b5 16. Rd2 Rfc8 17. a3 Rab8 18. Nce2 Nfd7 19. Ng3 Ne5 20. b3 Ncd7
21. h3 Qa5 22. f4 Nc6 23. f5 e5 24. Nxc6 Rxc6 25. Nh5 Nf6 26. Nxf6+ Bxf6 27. g4
h6 28. Kh2 Qd8 29. Rg1 Bh4 30. Qf3 f6 31. Qg2 Rbc8 32. b4 Qc7 33. Rc1 Rc3 34.
Qe2 Rxa3 35. Rd3 Rc3 36. Bc5 Rxd3 37. cxd3 dxc5 38. Qa2+ Qf7 39. Qxa6 Rc7 40.
Qxb5 Qa2+ 41. Kh1 Bg3 42. Qc4+ Qxc4 43. Rxc4 Bf2 44. bxc5 Rxc5 45. Ra4 Rc3 46.
Ra8+ Kf7 47. Rd8 Bd4 48. Rd7+ Kf8 49. h4 Rxd3 50. Kg2 Re3 51. g5 hxg5 52. hxg5
fxg5 53. Rd8+ Ke7 54. Rg8 Kf7 55. Rd8 Rxe4 0-1

[Event "Tyros-Rooks"]
[Site "?"]
[Date "1999.10.19"]
[Round "?"]
[White "Diaz, P"]
[Black "Suarez, E"]
[Result "0-1"]
[WhiteElo "1996"]
[BlackElo "1873"]
[PlyCount "88"]
[EventDate "1999.??.??"]

1. e4 e5 2. Nc3 Nf6 3. f4 d5 4. fxe5 Nxe4 5. d3 Nxc3 6. bxc3 { } 6... d4 7. Nf3
Nc6 (7... dxc3 {Abandons center at loss of tempo. White's piece play should be
ample compensation for the Pawn, which can be won back after d4 and Qd3.}) 8.
Be2 Bc5 9. cxd4 Nxd4 10. c3 Nxe2 11. Qxe2 Bg4 12. d4 {
Despite trades, White's center Pawns divide Black's forces.} 12... Bb6 13. O-O
(13. Ba3 {stops 0-0 and Black's Pc5.}) (13. Qe4 {forks Bg4 and Pb7} 13... Bxf3
14. Qxf3 Qh4+ 15. g3) 13... O-O 14. Qe4 Bxf3 15. Rxf3 { } 15... c5 16. Ba3 (16.
d5 {creates an easily-defended passer}) 16... Qc7 17. Raf1 Rae8 18. Kh1 {
White's play has been stopped, and now Black can pressure the center Pawns.}
18... Re7 $2 {Blockade first! Qe7-e6 then Re7} 19. e6 f6 (19... Rxe6 20. Qxe6
$1 20... fxe6 21. Rxf8#) 20. d5 Qd6 21. c4 Bc7 22. g3 b6 23. Bb2 Ree8 24. Qg4
Bd8 25. Bc1 { White is back on top due to Black's 18th move. He now threatens
Bh6 when Qe7 allows d6! or Re7 traps Q with Bf4!} 25... Qe5 26. Rd3 (26. Bh6
Re7 27. Bf4 27... Qd4 {  pinning Bishop, stops Bd6}) 26... f5 $1 27. Qd1 (27.
Qf4 {White can trade to ending and win with the center passers.}) 27... Qe4+
28. Kg1 Qxc4 29. Qb3 Qe4 30. Re3 Qd4 31. Bb2 31... Qg4 {
Now White gets the push anyway!} 32. d6 {threatening e7+ of course} 32... c4
33. Qd1 { **ERRATA GAME*+++ START HERE} 33... Bg5 {threatens BxR WITH CHECK!}
34. Re2 (34. Qxg4 fxg4 35. Rxf8+ Kxf8 36. e7+ Bxe7 (36... Kf7 37. Re4 {
threatens d7}) 37. dxe7+) 34... f4 35. Ref2 $2 (35. e7 {and then d7} 35... Bxe7
36. dxe7 36... Rf7 { } 37. Qd8 $1 37... Rfxe7 { } (37... Qxe2 38. Qxe8+ {mating
}) (37... Qc8 38. Qxc8 Rxc8 39. e8=Q+) 38. Qxe8+ $1 38... Rxe8 39. Rxe8+ Kf7
40. Rxf4+ Qxf4 41. gxf4 41... Kxe8 { } 42. Bxg7 b5 43. a3 a5 44. Bc3 {
and the f-passer wins}) 35... Qxe6 36. gxf4 Bf6 37. f5 37... Qd7 {
Black has defended successfully and now cleans up} 38. Qd5+ Kh8 39. Rd1 $2 {
Pf5 is weak} 39... Bxb2 40. Rxb2 Rxf5 41. Qxc4 Rc5 42. Qf4 Rf5 43. Qd4 Re6 44.
Rg2 44... Rff6 { } 0-1